| 000 | 00430 a2200169 4500 | ||
|---|---|---|---|
| 003 | OSt | ||
| 005 | 20180116182851.0 | ||
| 008 | 160616b xxu||||| |||| 00| 0 eng d | ||
| 040 | _c0 | ||
| 082 | _a174.4 RIC 2001 | ||
| 100 | _aJohn E.Richardson | ||
| 245 |
_aBusiness Ethics 01/02 _cJohn E.Richardson |
||
| 250 | _a13th Ed | ||
| 260 |
_aMc Graw Hill _bDushkin _c2001 |
||
| 300 |
_a229 p. _bHB |
||
| 942 |
_aNBS _cBK _k174.4 RIC _2ddc |
||
| 999 |
_c347515 _d347515 |
||